00629nam a22001697a 4500003000400000008004100004020001800045100002300063245010600086260003800192300001000230650002500240700001800265942001200283999001700295952014700312OSt250227b |||||||| |||| 00| 0 eng d a9788198019677 aKHAN, Fayaz Ahmad  aFrontiers In Computational Science and Technology: Biometrics, Mathematics and Emerging Innovations  aNew Delhi bNaples Indian c2024. a404p. aFaculty Publication  aAnkita et al. 2ddccBK c13163d13163 00102ddc40708Faculty PublicationaPIETbPIETd2025-02-27eNaples IndiafINRg550.00l0p38725r2025-02-27 00:00:00v550.00w2025-02-04yBK